|
|
|
|
| LEADER |
00888nam a2200241 a 4500 |
| 001 |
12362996 |
| 008 |
091101s2002 maua b 001 0 eng d |
| 010 |
|
|
|a 2001030895
|
| 020 |
|
|
|a 0071121234
|
| 020 |
|
|
|a 0072374055 (alk. paper)
|
| 040 |
|
|
|a DLC
|c DLC
|d DLC
|
| 082 |
0 |
0 |
|a 336.73
|2 21
|
| 100 |
1 |
|
|a Rosen, Harvey S.
|
| 245 |
1 |
0 |
|a Public finance /
|c Harvey S. Rosen.
|
| 250 |
|
|
|a 7th ed.
|
| 260 |
|
|
|a Boston :
|b McGraw-Hill :
|b Irwin,
|c c2002.
|
| 300 |
|
|
|a xxxii, 570 p. :
|b ill. ;
|c 24 cm.
|
| 504 |
|
|
|a Includes bibliographical references and index.
|
| 541 |
1 |
|
|e 00013568
|
| 650 |
|
0 |
|a Finance, Public
|z United States.
|
| 852 |
4 |
|
|a Ayesha Abed Library
|j General Shelf
|
| 999 |
|
|
|c 5427
|d 5427
|
| 952 |
|
|
|0 0
|1 0
|2 ddc
|4 0
|6 336_730000000000000_ROS
|7 0
|9 5321
|a BRACUL
|b BRACUL
|c GEN
|d 2009-11-12
|g 160.00
|l 14
|m 123
|o 336.73 ROS
|p 3010013568
|r 2026-03-03
|s 2026-02-25
|t 1
|v 320.00
|w 2009-11-12
|y BK
|x Koha Inventory 2020
|